000 00748nam a2200253Ia 4500
003 OSt
005 20220928125332.0
006 a|||||r|||| 00| 0
007 ta
008 220927b |||||||| |||| 00| 0 eng d
020 _cINR 599.00
024 _a137748
037 _b109, 15/03/2018, Eastern Media
_cTextual
040 _aSDCL
_cSDCL
_beng
041 _2eng
_aeng
082 _aV2y7N17, Q6 LR
100 _aKatherine F.
_9469308
245 0 _aIndira
_b The life of Indira Nehru Gandhi
260 _aUnited
_bKingdom Harper Collins
_c2016
300 _axvii,567p.
_ccm.
650 _aReference
942 _hV2y7N17, Q6 LR
_cTEXL
_2CC
999 _c781975
_d781975